Izraelsko-turecké strategické partnerství
Historické predpoklady vzťahov medzi Tureckom a Izraelom. Regionálna problematika vzťahov Turecka so Sýriou, Irakom a Izraelom. Súčasný stav a perspektívy izraelsko-tureckého partnerstva.
Uložené v:
| Hlavný autor: | |
|---|---|
| Médium: | Kapitola |
| Jazyk: | Czech |
| Predmet: | |
| Tagy: |
Žiadne tagy, Buďte prvý, kto otaguje tento záznam!
|
MARC
| LEADER | 00000naa a2200000 4500 | ||
|---|---|---|---|
| 001 | r041902 | ||
| 005 | 20230927121110.7 | ||
| 041 | 0 | |a cze | |
| 044 | |a CZ | ||
| 245 | 1 | 0 | |a Izraelsko-turecké strategické partnerství |c Emil Souleimanov |
| 520 | |a Historické predpoklady vzťahov medzi Tureckom a Izraelom. Regionálna problematika vzťahov Turecka so Sýriou, Irakom a Izraelom. Súčasný stav a perspektívy izraelsko-tureckého partnerstva. | ||
| 610 | 2 | 0 | |a politika medzinárodná |
| 610 | 2 | 0 | |a vzťahy politické medzinárodné |
| 610 | 2 | 0 | |a Izrael |
| 610 | 2 | 0 | |a Turecko |
| 610 | 2 | 0 | |a Irán |
| 610 | 2 | 0 | |a Sýria |
| 610 | 2 | 0 | |a konflikty medzinárodné |
| 100 | 1 | |a Souleimanov, Emil | |